000 00542nam a2200205Ia 4500
003 OSt
005 20221002055016.0
006 a|||||r|||| 00| 0
007 ta
008 220930b |||||||| |||| 00| 0 pan d
024 _a71391
037 _cReference Collections
040 _aCRL
_cCRL
_bpun
041 _2pun
_apun
082 _aP164:4k, 153N6(RR)
245 0 _aਖ਼ਾਰਸੀ-ਪੰਜਾਬੀ ਕੋF
260 _c1996
942 _hP164:4k, 153N6(RR)
_cref
_2CC
999 _c926454
_d926454